Normal view MARC view
  • Rowbotham, Sheila

Entry Nombre Personal

Number of records used in: 1

001 - NUMERO DE CONTROL

  • campo de control: 47805

003 - IDENTIFICADOR DE NUMERO DE CONTROL

  • campo de control: DLC

005 - FECHA Y HORA DE LA ÜLTIMA TRANSACCIÓN

  • campo de control: 20230213124952.0

008 - DATOS DE LONGITUD FIJA

  • campo de control de longitud fija: 800213n| azannaabn |n aaa

010 ## - NÚMERO DE CONTROL DE LA BIBLIOTECA DEL CONGRESO

  • Número de control LC: n 80001069

035 ## - NUMERO DE CONTROL

  • Número de control: (OCoLC)oca00383784

040 ## - FUENTE DE CATALOGACIÓN

  • Agencia original de catalogación: DLC
  • Lenguaje de catalogación: spa
  • Description conventions: rda
  • Agencia de transcripción: DLC
  • Agencia que lo modifica: NmU
  • Agencia que lo modifica: DLC
  • Agencia que lo modifica: GVaS
  • Agencia que lo modifica: MX-MxUPN

046 ## - FECHAS CON CODIFICACIÓN ESPECIAL

  • Fecha de nacimiento: 1943
  • Fuente del formato de fecha: edtf

100 1# - ENCABEZAMIENTO - NOMBRE PERSONAL

  • Nombre personal: Rowbotham, Sheila

370 ## - LUGAR ASOCIADO

  • Associated country: Inglaterra
  • Place of residence/headquarters: Bristol (Inglaterra)
  • Fuente del término: naf

372 ## - CAMPO DE ACTIVIDAD

  • Field of activity: Feminismo
  • Fuente del término: lcsh

373 ## - GRUPO ASOCIADO

  • Associated group: University of Manchester
  • Fuente del término: naf

373 ## - GRUPO ASOCIADO

  • Associated group: Royal Society of Arts (Gran Bretaña)
  • Fuente del término: naf

374 ## - OCUPACIÓN

  • Occupation: Historiador
  • Occupation: Autor
  • Fuente del término: lcsh

375 ## - GÉNERO

  • Gender: Femenino
  • Fuente del término: lcdgt

377 ## - LENGUA ASOCIADA

  • Language code: eng

670 ## - FUENTE EN LA QUE SE LOCALIZARON DATOS

  • Cita de la fuente: Women, resistance, and revolution, 1973

670 ## - FUENTE EN LA QUE SE LOCALIZARON DATOS

  • Cita de la fuente: LC files
  • Información localizada: (nació en 1943)

670 ## - FUENTE EN LA QUE SE LOCALIZARON DATOS

  • Cita de la fuente: Women encounter technology, 1997, c1995:
  • Información localizada: portada (Sheila Rowbotham) página 4 de cubierta (Research Fellow, Dept. of Sociology, Univ. of Manchester; Hon. Fellow, Women's Studies, Univ. of N. London)

670 ## - FUENTE EN LA QUE SE LOCALIZARON DATOS

  • Cita de la fuente: Rebel crossings, 2016:
  • Información localizada: Dust jacket (Sheila Rowbotham is a historian of feminism and radical social movements. An Honorary Fellow of Manchester University and a Fellow of the Royal Society of Arts. Lives in Bristol)

670 ## - FUENTE EN LA QUE SE LOCALIZARON DATOS

  • Cita de la fuente: Vindicación de los derechos de la mujer, 2014 :
  • Información localizada: portada (Sheila Rowbotham)

902 ## - CATALOGADOR

  • Catalogador: VíctorGodínez/130223